Τα αρχαία ελληνικά συμποτικά και σκωπτικά επιγράμματα : ολόκληρο το ενδέκατο (ΧΙ) βιβλίο της ελληνικής ή παλατινής ανθολογίας

Αποθηκεύτηκε σε:
Λεπτομέρειες βιβλιογραφικής εγγραφής
Κύριος συγγραφέας: Λαζανάς, Βασίλης Ι., 1916-
Μορφή: Βιβλίο
Γλώσσα:Greek
Δημοσίευση: Αθήναι : Παπαδήμας, 1992.
Θέματα:
Ετικέτες: Προσθήκη ετικέτας
Δεν υπάρχουν, Καταχωρήστε ετικέτα πρώτοι!

MARC

LEADER 00000cam a2200000 i 4500
001 1/6551
008 960710s1992 gr | ||| |||| ||gre||
020 |a 9602062584 
035 |l 10016392 
040 |a GR-MY-UA  |b gre  |e aacr 
041 0 |a gre 
082 7 |a 881.27   |2 (22) 
100 1 |a Λαζανάς, Βασίλης Ι.,   |d 1916- 
245 1 3 |a Τα αρχαία ελληνικά συμποτικά και σκωπτικά επιγράμματα :   |b ολόκληρο το ενδέκατο (ΧΙ) βιβλίο της ελληνικής ή παλατινής ανθολογίας /   |c Βασ. Ι. Λαζανά.  
260 |a Αθήναι :   |b Παπαδήμας,   |c 1992.  
300 |a 287 σ. ;   |c 25 εκ.  
500 |a Προλεγόμενα - Αρχαίο κείμενο - Εμμετρη μετάφραση - Σχόλια - Βιογραφικά στοιχεία των ποιητών.  
504 |a Περιέχει βιβλιογραφικές παραπομπές.  
650 0 0 |a Epigrams, Greek. 
650 0 0 |a Inscriptions, Ancient  |z Greece. 
852 |a INST  |b LESVOS  |e 19960710  |h 881.27 ΛΑΖ  |p 005100001614  |q 005100001614  |t BK  |y 0 
909 |a Λ  |b 024040 
970 |z 1996/07